000 00969nam a2200289 a 4500
001 14100
003 BD-RjUL
005 20211208235555.0
008 140205s1915 enk g 001 0 eng d
035 _aoxf98312443
035 _a(BD-RjUL)14152
040 _aKEN
_dEQO
_beng
_cBD-RjUL
041 _aeng
082 _a411.7
_bJOE 1915
100 1 _aJohnson, Charles,
_d1870-1961
_944053
245 1 0 _aEnglish court hand, A.D. 1066 to 1500 :
_billustrated chiefly from the public records /
_cby Charles Johnson and Hilary Jenkinson.
260 _aOxford :
_bClarendon Press,
_c1915.
300 _axlviii250p.;
_bill., 45 plates ;
_c25 cm.
504 _aBibliography: v. 1, p. [xl]-xliv
505 0 _apt. 1. Text.--pt. 2. Plates.
650 0 _aPaleography, English
_xHandbooks, manuals, etc.
_944054
650 0 _aManuscripts
_vFacsimiles.
_944055
700 1 _aJenkinson, Hilary,
_cSir.
_944056
740 0 _aCourt hand.
942 _2ddc
_cBK
999 _c14100
_d14100